[Event "SRB-chT 1st League CS"]
[Site "Banja Vrujci"]
[Date "2022.10.04"]
[Round "5.5"]
[White "Begus, Drasko"]
[Black "Radosavljevic, Slobodan D"]
[Result "1-0"]
[WhiteElo "2310"]
[BlackElo "2069"]
[PlyCount "58"]
[EventDate "2022.10.01"]
[EventType "team-tourn"]
[EventRounds "11"]
[EventCountry "SRB"]
[SourceTitle "CBM 210 Extra"]
[Source "ChessBase"]
[SourceDate "2022.11.30"]
[SourceVersion "1"]
[SourceVersionDate "2022.11.30"]
[SourceQuality "1"]
[WhiteTeam "Krupanj"]
[BlackTeam "Jagodina Kablovi"]
[WhiteTeamCountry "SRB"]
[BlackTeamCountry "SRB"]

1. Nf3 Nf6 2. g3 g6 3. Bg2 Bg7 4. d4 0-0 5. c4 d6 6. 0-0 Nc6 7. d5 Na5 8. Qa4 c5 9. Bd2 b6 10. Bc3 Bd7 11. Qc2 Bf5 12. Qc1 a6 13. Nbd2 Ra7 14. b3 b5 15. Ne1 e5 16. e4 Bc8 17. Nd3 h5 18. f4 Ng4 19. Qe1 bxc4 20. bxc4 exf4 21. Bxg7 Kxg7 22. gxf4 Re7 23. h3 Nh6 24. Rb1 Nf5 25. Qc1 Ne3 26. Qc3+ Kh7 27. Rf3 Nxg2 28. Kxg2 Nb7 29. Rb2 f6 1-0

[Event "Solta op 5th"]
[Site "Grohote"]
[Date "2022.07.08"]
[Round "7"]
[White "Begus, Drasko"]
[Black "Elier, Ali"]
[Result "1-0"]
[WhiteElo "2323"]
[BlackElo "2144"]
[PlyCount "75"]
[EventDate "2022.07.02"]
[EventType "swiss"]
[EventRounds "9"]
[EventCountry "CRO"]
[SourceTitle "EXT 2023"]
[Source "ChessBase"]
[SourceDate "2022.10.05"]
[SourceVersion "1"]
[SourceVersionDate "2022.10.05"]
[SourceQuality "1"]

1. Nf3 Nf6 2. g3 e6 3. Bg2 d5 4. 0-0 Be7 5. c4 0-0 6. d4 dxc4 7. Qc2 a6 8. a4 Bd7 9. Qxc4 Bc6 10. Bf4 Bd6 11. Nc3 Nbd7 12. Bxd6 cxd6 13. a5 Rc8 14. Qb4 Nb8 15. Rfc1 Qd7 16. Qa3 Rc7 17. Na4 Bxa4 18. Rxc7 Qxc7 19. Qxa4 Rc8 20. Ne1 b5 21. axb6 Qxb6 22. Nd3 d5 23. e3 Rc4 24. Qa3 g6 25. b3 Rc3 26. Nc5 Rc2 27. Bf3 Ne4 28. Bd1 Rd2 29. Qc1 Qb4 30. Nxe4 Rd3 31. Ng5 Qe1+ 32. Kg2 Rd2 33. Nh3 Nd7 34. Bf3 Qxe3 35. Qc8+ Nf8 36. Rxa6 Qxd4 37. Ra8 Qb4 38. Qe8 1-0

[Event "Solta op 5th"]
[Site "Grohote"]
[Date "2022.07.02"]
[Round "1"]
[White "Begus, Drasko"]
[Black "Dumancic, Simun"]
[Result "1/2-1/2"]
[WhiteElo "2323"]
[BlackElo "1961"]
[PlyCount "72"]
[EventDate "2022.07.02"]
[EventType "swiss"]
[EventRounds "9"]
[EventCountry "CRO"]
[SourceTitle "EXT 2023"]
[Source "ChessBase"]
[SourceDate "2022.10.05"]
[SourceVersion "1"]
[SourceVersionDate "2022.10.05"]
[SourceQuality "1"]

1. d4 Nf6 2. g3 g6 3. Bg2 d5 4. Nf3 Bg7 5. 0-0 0-0 6. Bf4 Nbd7 7. Qc1 Re8 8. c4 c6 9. cxd5 Nxd5 10. Bh6 e5 11. Bxg7 Kxg7 12. e4 N5f6 13. Nxe5 Nxe5 14. dxe5 Rxe5 15. Qc3 Re8 16. Nd2 Kg8 17. Rad1 Bg4 18. f3 Be6 19. Nc4 Qe7 20. Nd6 Red8 21. Nxb7 Qxb7 22. Qxf6 Qb6+ 23. Kh1 Bxa2 24. f4 Bb3 25. Rxd8+ Rxd8 26. Qc3 c5 27. f5 Qb4 28. Qf6 Qd4 29. Qe7 Bc4 30. Re1 Rb8 31. e5 Qd2 32. Rg1 Bd5 33. Qxc5 Bxg2+ 34. Rxg2 Qe1+ 35. Qg1 Qxe5 36. fxg6 hxg6 1/2-1/2

[Event "Solta op 4th"]
[Site "Grohote"]
[Date "2021.08.08"]
[Round "1"]
[White "Paluska, Karol"]
[Black "Begus, Drasko"]
[Result "0-1"]
[WhiteElo "1894"]
[BlackElo "2340"]
[PlyCount "64"]
[EventDate "2021.08.08"]
[EventType "swiss"]
[EventRounds "9"]
[EventCountry "CRO"]
[SourceTitle "CBM 203 Extra"]
[Source "ChessBase"]
[SourceDate "2021.09.30"]
[SourceVersion "1"]
[SourceVersionDate "2021.09.30"]
[SourceQuality "1"]

1. d4 Nf6 2. c4 d6 3. Nc3 Bf5 4. Nf3 g6 5. g3 Bg7 6. Bg2 0-0 7. Nh4 Bc8 8. 0-0 Nc6 9. e3 e5 10. Nf3 Bg4 11. h3 Bf5 12. Nh4 Bd7 13. Nf3 Re8 14. b3 h5 15. dxe5 dxe5 16. Bb2 e4 17. Nd4 Nb4 18. Qd2 Nd3 19. Rad1 c5 20. Nde2 Qc8 21. Kh2 Bc6 22. Nc1 Nxb2 23. Qxb2 Qf5 24. N1e2 h4 25. Qc2 Rad8 26. gxh4 Rxd1 27. Nxd1 Nh5 28. Ng3 Qe5 29. Qe2 f5 30. a3 Bf6 31. Kh1 Qxg3 32. Qxh5 Qxg2+ 0-1

[Event "Belgrade Spring IM2"]
[Site "Belgrade"]
[Date "2021.04.26"]
[Round "3"]
[White "Begus, Drasko"]
[Black "Blagojevic, Tijana"]
[Result "1-0"]
[WhiteElo "2321"]
[BlackElo "2193"]
[PlyCount "145"]
[EventDate "2021.04.24"]
[EventType "tourn"]
[EventRounds "9"]
[EventCountry "SRB"]
[SourceTitle "CBM 202 Extra"]
[Source "ChessBase"]
[SourceDate "2021.07.31"]
[SourceVersion "1"]
[SourceVersionDate "2021.07.31"]
[SourceQuality "1"]

1. Nf3 d5 2. g3 c6 3. Bg2 Bg4 4. d4 Nf6 5. Nbd2 e6 6. 0-0 Nbd7 7. c3 Be7 8. Re1 0-0 9. Qb3 Qb6 10. e4 Bh5 11. exd5 cxd5 12. Nf1 Bg6 13. Bg5 h6 14. Bxf6 Bxf6 15. Ne3 Rfc8 16. Bh3 Rc7 17. Ng4 Bd8 18. Nge5 Nxe5 19. Nxe5 Qxb3 20. axb3 Kh7 21. Bf1 Bc2 22. Bd3+ Bxd3 23. Nxd3 Kg8 24. b4 Re7 25. f4 Kf8 26. Kf2 Bb6 27. Kf3 Rae8 28. Ne5 g6 29. Re2 Kg7 30. Rae1 Bc7 31. Nd3 Bd6 32. Ra1 Bb8 33. h3 Kf6 34. Rf1 Rg8 35. Ne5 Bxe5 36. fxe5+ Kg7 37. Ke3 Rc8 38. Ra1 b6 39. Rf2 Rcc7 40. Kd3 Red7 41. Rc2 Kf8 42. b5 Ke8 43. b3 Rc8 44. Ra4 Rdc7 45. c4 Rd7 46. Kc3 Kd8 47. Rd2 Rcc7 48. Kb4 Kc8 49. c5 bxc5+ 50. dxc5 d4 51. Kc4 Rd5 52. c6 Rxe5 53. Rxd4 Re3 54. Ra1 e5 55. Rd5 e4 56. Rad1 Kb8 57. Rd8+ Rc8 58. R1d7 Rxd8 59. Rxd8+ Kc7 60. Rd7+ Kb8 61. Rb7+ Ka8 62. Rxf7 Kb8 63. Rb7+ Ka8 64. Rg7 Kb8 65. Rxg6 Re1 66. Rg8+ Kc7 67. Rg7+ Kd6 68. Rxa7 e3 69. Kd3 Rb1 70. Rd7+ Ke6 71. Kxe3 Rxb3+ 72. Rd3 Rxb5 73. Rc3 1-0

[Event "SRB-chT 1st League"]
[Site "Banja Vrujci"]
[Date "2017.09.18"]
[Round "4.2"]
[White "Begus, Drasko"]
[Black "Jesic, Dusan"]
[Result "1/2-1/2"]
[WhiteElo "2298"]
[BlackElo "2331"]
[PlyCount "65"]
[EventDate "2017.09.16"]
[EventType "team"]
[EventRounds "11"]
[EventCountry "SRB"]
[SourceTitle "CBM 180 Extra"]
[Source "ChessBase"]
[SourceDate "2017.10.06"]
[SourceVersion "1"]
[SourceVersionDate "2017.10.06"]
[SourceQuality "1"]
[WhiteTeam "Vladimirci"]
[BlackTeam "Sabac"]
[WhiteTeamCountry "SRB"]
[BlackTeamCountry "SRB"]

1. Nf3 c5 2. g3 g6 3. Bg2 Bg7 4. c3 Nf6 5. d4 0-0 6. 0-0 Qb6 7. a4 d6 8. a5 Qc7 9. dxc5 Qxc5 10. Nbd2 Qh5 11. h4 Qb5 12. Nd4 Qd7 13. a6 d5 14. axb7 Bxb7 15. N2b3 Rc8 16. Na5 Ba6 17. Re1 e5 18. Nc2 Qe6 19. Nb4 e4 20. Bg5 Nbd7 21. Nxa6 Qxa6 22. Bh3 Rd8 23. Qa4 Ne5 24. Bf4 Nc4 25. Qc6 Qb6 26. Qxb6 axb6 27. Nxc4 dxc4 28. Bc7 Re8 29. Rxa8 Rxa8 30. Bxb6 Rb8 31. Bc5 Rxb2 32. Rd1 h5 33. Rd4 1/2-1/2

[Event "Belgrade Vucicevic Memorial"]
[Site "Belgrade"]
[Date "2016.12.04"]
[Round "8"]
[White "Begus, Drasko"]
[Black "Perunovic, Milos"]
[Result "1/2-1/2"]
[WhiteElo "2298"]
[BlackElo "2655"]
[PlyCount "144"]
[EventDate "2016.12.04"]
[EventType "swiss"]
[EventRounds "15"]
[EventCountry "SRB"]
[SourceTitle "CBM 176 Extra"]
[Source "ChessBase"]
[SourceDate "2017.03.02"]
[SourceVersion "1"]
[SourceVersionDate "2017.03.02"]
[SourceQuality "1"]

1. d4 Nf6 2. g3 e6 3. Bg2 c5 4. Nf3 cxd4 5. 0-0 d5 6. Nxd4 e5 7. Nb3 Be6 8. c4 Nc6 9. cxd5 Bxd5 10. Nc3 Bxg2 11. Kxg2 Bb4 12. Bd2 0-0 13. a3 Be7 14. Bg5 Nd4 15. e3 Ne6 16. Bxf6 Bxf6 17. Qxd8 Rfxd8 18. Rad1 e4 19. Nxe4 Bxb2 20. a4 Ba3 21. h4 Kf8 22. Kf3 Ke7 23. Ke2 Rdc8 24. Nd4 Nxd4+ 25. Rxd4 Rc2+ 26. Kf3 f5 27. Ng5 h6 28. Nh3 Rd8 29. Rfd1 Rxd4 30. Rxd4 Rc5 31. Nf4 g5 32. Nd3 g4+ 33. Kf4 Ra5 34. e4 fxe4 35. Rxe4+ Kf6 36. Kxg4 Bd6 37. Nf4 Be5 38. Rc4 a6 39. Nh5+ Ke6 40. f4 Bd6 41. f5+ Kd7 42. Re4 b5 43. axb5 axb5 44. Nf6+ Kc6 45. Ne8 Ra4 46. Nxd6 Kxd6 47. Kf3 Kd5 48. Re8 b4 49. f6 Ra6 50. Rb8 Rxf6+ 51. Kg4 Kc4 52. Kh5 Rf5+ 53. Kxh6 Rb5 54. Rc8+ Kd3 55. Rc1 b3 56. g4 b2 57. Rg1 Rb4 58. Kh5 Re4 59. Rb1 Rb4 60. g5 Ke4 61. Kh6 Kf5 62. h5 Kg4 63. g6 Rb6 64. Rg1+ Kh4 65. Rh1+ Kg4 66. Kh7 b1Q 67. Rxb1 Rxb1 68. h6 Kg5 69. g7 Rb7 70. Kh8 Rb8+ 71. Kh7 Rb7 72. Kh8 Rb8+ 1/2-1/2

[Event "Belgrade Vucicevic Memorial"]
[Site "Belgrade"]
[Date "2016.12.04"]
[Round "10"]
[White "Begus, Drasko"]
[Black "Roganovic, Milos"]
[Result "0-1"]
[WhiteElo "2298"]
[BlackElo "2484"]
[PlyCount "62"]
[EventDate "2016.12.04"]
[EventType "swiss"]
[EventRounds "15"]
[EventCountry "SRB"]
[SourceTitle "CBM 176 Extra"]
[Source "ChessBase"]
[SourceDate "2017.03.02"]
[SourceVersion "1"]
[SourceVersionDate "2017.03.02"]
[SourceQuality "1"]

1. d4 Nf6 2. g3 d5 3. Bg2 b5 4. Nf3 e6 5. 0-0 Be7 6. Bg5 0-0 7. Nfd2 Bb7 8. c4 c6 9. b3 h6 10. Bf4 dxc4 11. bxc4 Qxd4 12. Na3 Bxa3 13. cxb5 Nd5 14. Nb3 Qxd1 15. Rfxd1 cxb5 16. Na5 Ba6 17. e4 Nxf4 18. gxf4 e5 19. fxe5 Bb4 20. Nb3 Nc6 21. f4 Rad8 22. Rac1 Rxd1+ 23. Rxd1 Rd8 24. Rc1 Nd4 25. Rc7 Nxb3 26. axb3 Ba5 27. Rc2 Bb6+ 28. Kf1 b4+ 29. Ke1 Be3 30. f5 Bg5 31. Bf1 Bh4+ 0-1

[Event "SRB-chT 1st League"]
[Site "Kragujevac"]
[Date "2016.09.14"]
[Round "6.5"]
[White "Begus, Drasko"]
[Black "Blesic, Vaso"]
[Result "1/2-1/2"]
[WhiteElo "2287"]
[BlackElo "2350"]
[PlyCount "43"]
[EventDate "2016.09.10"]
[EventType "team-tourn"]
[EventRounds "11"]
[EventCountry "SRB"]
[SourceTitle "CBM 174 Extra"]
[Source "ChessBase"]
[SourceDate "2016.10.10"]
[SourceVersion "1"]
[SourceVersionDate "2016.10.10"]
[SourceQuality "1"]
[WhiteTeam "Sabac"]
[BlackTeam "Ub"]
[WhiteTeamCountry "SRB"]
[BlackTeamCountry "SRB"]

1. Nf3 Nf6 2. g3 g6 3. b3 Bg7 4. Bb2 0-0 5. Bg2 d5 6. c4 c6 7. 0-0 Be6 8. d3 a5 9. Nbd2 Na6 10. a3 h6 11. Rc1 Rc8 12. Rc2 Qd7 13. Qa1 Bh3 14. cxd5 Bxg2 15. Kxg2 cxd5 16. Rfc1 Rxc2 17. Rxc2 Rc8 18. Qc1 Rxc2 19. Qxc2 Qc7 20. Qxc7 Nxc7 21. Bc3 b6 22. Be5 1/2-1/2

[Event "SRB-chT"]
[Site "Vrnjacka Banja"]
[Date "2012.10.06"]
[Round "10.5"]
[White "Manic, Jovica"]
[Black "Begus, Drasko"]
[Result "0-1"]
[WhiteElo "2259"]
[BlackElo "2314"]
[PlyCount "52"]
[EventDate "2012.09.29"]
[EventType "team-tourn"]
[EventRounds "11"]
[EventCountry "SRB"]
[SourceTitle "CBM 150 Extra"]
[Source "ChessBase"]
[SourceDate "2012.10.19"]
[SourceVersion "1"]
[SourceVersionDate "2012.10.19"]
[SourceQuality "1"]
[WhiteTeam "Pirot"]
[BlackTeam "Vladimirci"]
[WhiteTeamCountry "SRB"]
[BlackTeamCountry "SRB"]

1. d4 Nf6 2. Bg5 Ne4 3. h4 c5 4. dxc5 Qc7 5. Nd2 Nxc5 6. Ngf3 h6 7. Be3 e5 8. c4 Nc6 9. g3 e4 10. Nd4 Nxd4 11. Bxd4 Ne6 12. Be3 f5 13. Qb3 Be7 14. Bg2 0-0 15. Qb5 b6 16. Nb3 Bb7 17. Nd4 Nc5 18. Bf4 Bd6 19. Bxd6 Qxd6 20. Nc2 Bc6 21. Qb4 e3 22. Rd1 exf2+ 23. Kxf2 Qe7 24. Bf3 Rae8 25. Qe1 f4 26. Kg2 Qxe2+ 0-1